XI Roku 2020 Polskich Piłkarzy (wg Tygodnika "Piłka Nożna") - Statystyki

Ogólne statystyki
  • Ten quiz został rozwiązany 98 razy
  • Średni wynik to 9 z 11
Statystyki odpowiedzi
Pozycja Klub Zawodnik % Poprawnych
BR Juventus Wojciech Szczęsny
99%
N Bayern Robert Lewandowski
98%
ŚO Southampton Jan Bednarek
97%
ŚO Monaco Kamil Glik
95%
LS Hull/WBA Kamil Grosicki
89%
LO Lokomotiw Maciej Rybus
88%
ŚP Leeds Mateusz Klich
88%
ŚP Sampdoria/Torino Karol Linetty
83%
PO Dynamo K. Tomasz Kędziora
76%
PS Lech/Derby Kamil Jóźwiak
74%
ŚP Lech Jakub Moder
61%
Nie znaleziono quizów pasujących do podanych kryteriów
Rozkład punktacji
Procent ludzi z każdym wynikiem
Percentyl według liczby udzielonych odpowiedzi
Twoja historia wyników
Nie rozwiązałeś tego quizu